| 000 | 01184nam a22003497a 4500 | ||
|---|---|---|---|
| 003 | CHAP | ||
| 005 | 20220817042924.0 | ||
| 008 | 971013s1994 r 00010 d | ||
| 010 | _a59930 | ||
| 011 | _a60902 | ||
| 035 | _a65065 | ||
| 040 | _cCHAP | ||
| 082 |
_a631.4913 _bS9 |
||
| 100 | 0 | 0 |
_aSyers, J. K. _eed. _9110909 |
| 245 | _aSoil science and sustainable land management in the tropics | ||
| 260 |
_aOxon : _bCAB International, _c1994 |
||
| 300 |
_a290 p. _b: ilus. |
||
| 590 |
_aBATCH-UPD _b10 _c20130110 _lUCH01 _h0528 |
||
| 590 |
_aBATCH-UPD _b10 _c20130110 _lUCH01 _h2219 |
||
| 590 |
_aBATCH-UPD _b10 _c20130410 _lUCH01 _h0208 |
||
| 590 |
_aBATCH-UPD _b10 _c20130913 _lUCH01 _h2219 |
||
| 590 |
_aCONVERSION _b10 _c20130109 _lUCH01 _h1332 |
||
| 650 | 1 | 4 | _aAgricultura sustentable. |
| 650 | 1 | 4 |
_aErosión. _937335 |
| 650 | 1 | 4 |
_aSuelos tropicales. _9110563 |
| 650 | 1 | 4 |
_aSuelos _xConservación. _9110283 |
| 700 | 0 |
_aRimmer, D. L. _eed. _997438 |
|
| 901 | _aBK | ||
| 942 | _cLIBRO | ||
| 949 |
_a631.4913 S9 _bBC _cLIBRO _d33724000615324 _eLIBRO _gI.181680 _h90354 _i65065 _si _t676.00 |
||
| 949 |
_a631.4913 S9 _bBC _cLIBRO _d33724000813887 _eLIBRO _fc.2 _gI.210226 _h99634 _i65065 _sb _t$1,290.00 |
||
| 999 |
_c59930 _d59930 |
||